000 00288 a2200121 4500
001 63128
082 _a006.6 ULR
090 _c37296
_d37296
100 _aUlrich K
245 _aFlash 5 for Windows & Macintosh
_hEnglish
260 _aUSA
_bPeachpit Press USA
_c2001
300 _axix,523p
942 _aCAE NUST
_k006.6 ULR
999 _c298201
_d298201